|
|
|
|
| LEADER |
01349nam a2200313 a 4500 |
| 001 |
0017832 |
| 003 |
BD-DhAAL |
| 008 |
090629s2006 it a bc 000 0 eng d |
| 010 |
|
|
|a \\2008398439
|
| 020 |
|
|
|a 9788876246524
|
| 020 |
|
|
|a 8876246533
|
| 020 |
|
|
|a 9788876246531
|
| 040 |
|
|
|a DLC
|c DLC
|d BD-DhAAL
|
| 082 |
0 |
4 |
|a 720.92
|2 22
|
| 100 |
1 |
|
|a Donati, Cristina.
|9 31941
|
| 245 |
1 |
0 |
|a Michael Hopkins /
|c Cristina Donati.
|
| 260 |
|
|
|a Milano :
|b Skira,
|c c2006.
|
| 300 |
|
|
|a 288 p. :
|b ill. (chiefly col.) ;
|c 21 cm
|
| 504 |
|
|
|a Includes bibliographical references (pages 278-279).
|
| 526 |
|
|
|a ARC
|x Md. Shajjad Hossain,
Faculty members of the Department of Architecture
|
| 541 |
1 |
|
|e 0017832
|a Zeenat Book Supply LTD
|
| 600 |
1 |
0 |
|a Hopkins, Michael,
|d 1935-
|v Catalogs.
|9 31942
|
| 650 |
|
0 |
|a Architecture, Modern
|y 20th century
|v Catalogs.
|9 31943
|
| 650 |
|
0 |
|a Architecture, Modern
|y 21st century
|v Catalogs.
|9 31944
|
| 700 |
1 |
|
|a Hopkins, Michael,
|d 1935-
|9 31945
|
| 852 |
4 |
|
|a Ayesha Abed Library
|c General Stacks
|
| 942 |
|
|
|2 ddc
|c BK
|
| 999 |
|
|
|c 1874
|d 1874
|
| 952 |
|
|
|0 0
|1 4
|2 ddc
|4 0
|6 720_920000000000000_DON
|7 0
|9 1717
|a BRACUL
|b BRACUL
|c GEN
|d 2009-06-29
|e Zeenat Book Supply Limited
|g 2423.00
|l 0
|o 720.92 DON
|p 3010017832
|r 2009-06-29
|t 1
|w 2009-06-29
|y BK
|x Koha Inventory 2020 ; Requisitioned by Md. Shajjad Hossain (Faculty members of the Department of Architecture).
|